Transport phenomena in fuel cells / (Record no. 355364)

000 -LEADER
fixed length control field 01328cam a22003373a 4500
001 - CONTROL NUMBER
control field 13778602
003 - CONTROL NUMBER IDENTIFIER
control field Nust- CAS-E
005 - DATE AND TIME OF LATEST TRANSACTION
control field 20180118181359.0
008 - FIXED-LENGTH DATA ELEMENTS--GENERAL INFORMATION
fixed length control field 041110s2005 enka b 000 0 eng c
010 ## - LIBRARY OF CONGRESS CONTROL NUMBER
LC control number 2004116358
020 ## - INTERNATIONAL STANDARD BOOK NUMBER
International Standard Book Number 1853128406
024 8# - OTHER STANDARD IDENTIFIER
Standard number or code 99809329078
035 ## - SYSTEM CONTROL NUMBER
System control number (CStRLIN)PAUGV3943289-B
035 ## - SYSTEM CONTROL NUMBER
System control number (PU)3943289
040 ## - CATALOGING SOURCE
Original cataloging agency INU
Transcribing agency INU
Modifying agency UNA
-- LHL
-- DLC
050 00 - LIBRARY OF CONGRESS CALL NUMBER
Classification number MLCM 2006/40134 (T)
082 ## - DEWEY DECIMAL CLASSIFICATION NUMBER
Classification number 621.312
Author Mark TRA 2005
245 00 - TITLE STATEMENT
Title Transport phenomena in fuel cells /
Statement of responsibility, etc. editors, B. Sundén, M. Faghri.
260 ## - PUBLICATION, DISTRIBUTION, ETC.
Place of publication, distribution, etc. Southampton ;
-- Boston :
Name of publisher, distributor, etc. WIT Press,
Date of publication, distribution, etc. c2005.
300 ## - PHYSICAL DESCRIPTION
Extent 358 p. :
Other physical details ill. ;
Dimensions 24 cm.
440 #0 - SERIES STATEMENT/ADDED ENTRY--TITLE
Title International series on developments in heat transfer ;
Volume/sequential designation v. 19
504 ## - BIBLIOGRAPHY, ETC. NOTE
Bibliography, etc. note Includes bibliographical references.
650 #0 - SUBJECT ADDED ENTRY--TOPICAL TERM
Topical term or geographic name entry element Fuel cells.
650 #0 - SUBJECT ADDED ENTRY--TOPICAL TERM
Topical term or geographic name entry element Transport theory.
700 1# - ADDED ENTRY--PERSONAL NAME
Personal name Sundén, Bengt
700 1# - ADDED ENTRY--PERSONAL NAME
Personal name Faghri, Mohammad
906 ## - LOCAL DATA ELEMENT F, LDF (RLIN)
a 7
b cbc
c pccadap
d 2
e epcn
f 20
g y-gencatlg
942 ## - ADDED ENTRY ELEMENTS (KOHA)
Source of classification or shelving scheme
Koha item type Book
Holdings
Withdrawn status Lost status Source of classification or shelving scheme Damaged status Not for loan Collection code Permanent Location Current Location Shelving location Date acquired Source of acquisition Total Checkouts Full call number Barcode Date last seen Cost, replacement price Price effective from Koha item type Cost, normal purchase price Copy number
            US-Pakistan Center for Advanced Studies in Energy (USPCAS-E) US-Pakistan Center for Advanced Studies in Energy (USPCAS-E) General Stacks 04/22/2013 Victoria co   621.312 TRA 2005 CAS-E0000256 05/08/2014 23183.00 05/08/2014 Book    
            US-Pakistan Center for Advanced Studies in Energy (USPCAS-E) US-Pakistan Center for Advanced Studies in Energy (USPCAS-E)   12/31/2015 Iqra   621.312 TRA 2005 CAS-E0001113 12/31/2015 23242.00 12/31/2015 Book 23242.00 C.2
            US-Pakistan Center for Advanced Studies in Energy (USPCAS-E) US-Pakistan Center for Advanced Studies in Energy (USPCAS-E)   12/31/2015 Iqra   621.312 TRA 2005 CAS-E0001114 12/31/2015 23242.00 12/31/2015 Book 23242.00 C.3
© 2023 Central Library, National University of Sciences and Technology. All Rights Reserved.